000 01019nam0a2200277 4500
001 RU\NLR\bibl\806076
005 20250614131209.0
010 _a5-7905-3105-4
_95000
021 _aRU
_b2005-8767
_9457
035 _a(NLR Aleph) 000795200
090 _a1146613
_c1146613
100 _a20050602d2005 |||y0rusy50 ca
101 1 _arus
_ceng
102 _aRU
105 _ay |||||||||
200 1 _aАроматерапия
_eискусство быть здоровым
_eпрактическое руководство по избавлению от болезней, снятию болей и напряжения
_f[пер. с англ. А.В. Шараповой]
210 _aМосква
_cРИПОЛ классик
_d2005
215 _a188, [1] c.
_d21
225 1 _aСоветы для дома
606 1 _aАроматерапия
_91598587
_3RU\NLR\auth\661001784
686 _aР358.9
801 0 _aRU
_bNLR
_c20050602
_gPSBO
801 1 _aRU
_bNLR
_c20050602
942 _cBOOK
980 _aNB